1771 1309 1852 1633 1576 1905 1679 1952 1741 1420 1318 1160 1781 1946 1030 1971 1822 1271 1402 1808 1005 1827 1889 1324 1943 1151 1329 1756 1955 1557 1651 1786 1806 1145 1961 1186 1664 1651 1792 1181 1719 1996 1644 1158 1452 1584 1241 1575 1426 1255 1673 1353 1455 1890 1980 1981 1403 1747 1728 1646 1619 1283 1600 1908 1579 1413 1605 1590 1771 1306 1550 1448 1263 1000 1099 1171 1878 1579 1313 1504 1651 1144 1684 1315 1213 1204 1909 1717 1848 1163 1364 1666 1790 1719 1732 1995 1139 1638 1873 BCNSPRNW ULIB Ver.6.0+V

เปลี่ยนเป็นภาษาไทย

Change to English
 แสดงรายละเอียดบรรณานุกรม
  กลับหน้าหลัก

Brief Record : Get Marc (ISO 2709) : E-mail record : QR code < ปิดหน้าต่าง
LEADER : 00000nam 2200000uu 4500
001    13399126684
003     ULIB
008    190211s2561||||th 000 0 tha d
020    ^a9786164261235
060    ^aWA20.5^bน595ก
100    ^aนิทรา กิจธีระวุฒิวงษ์
245    ^aการวิจัยทางสาธารณสุข จากหลักการสู่การปฏิบัติ/^cนิทรา กิจธีระวุฒิวงษ์
250    ^aพิมพ์ครั้งที่ 2
260    ^aพิษณุโลก :^bมหาวิทยาลัยนเรศวร,^c2561
300    ^a358 หน้า;^b26 ซม.
650    ^aสาธารณสุขศาสตร์^xวิจัย
945    ^p450^l0^i27313
945    ^p450^l0^i27012
945    ^p450^l0^i27013
945    ^p450^l0^i27014
945    ^p450^l0^i27314
999    ^aกัณชพร จุลอักษร
รายการนี้ยังไม่มีแท็ก
คุณยังไม่ได้ล็อกอิน คุณสามารถมีกิจกรรมร่วมกับเว็บไซต์ได้ แต่ต้องล็อกอินก่อน ::
  ล็อกอิน

รายการสื่อสารสนเทศ

ลำดับที่ ประเภท เลขเรียก/บาร์โค้ด สถานที่ สถานะ
1. หนังสือสำรอง
หนังสือสำรอง
WA20.5 น595ก ฉ.1 
  Barcode: 27012
ห้องสมุดวิทยาเขตนครสวรรค์
►หนังสือทั่วไป:l:General Books
บนชั้น
2. วิทยาศาสตร์การแพทย์ และสุขภาพ
วิทยาศาสตร์การแพทย์ และสุขภาพ
WA20.5 น595ก ฉ.2 
  Barcode: 27013
ห้องสมุดวิทยาเขตนครสวรรค์
►หนังสือทั่วไป:l:General Books
บนชั้น
3. วิทยาศาสตร์การแพทย์ และสุขภาพ
วิทยาศาสตร์การแพทย์ และสุขภาพ
WA20.5 น595ก ฉ.3 
  Barcode: 27014
ห้องสมุดวิทยาเขตนครสวรรค์
►หนังสือทั่วไป:l:General Books
บนชั้น
4. วิทยาศาสตร์การแพทย์ และสุขภาพ
วิทยาศาสตร์การแพทย์ และสุขภาพ
WA20.5 น595ก ฉ.4 
  Barcode: 27313
ห้องสมุดวิทยาเขตนครสวรรค์
►หนังสือทั่วไป:l:General Books
บนชั้น
5. วิทยาศาสตร์การแพทย์ และสุขภาพ
วิทยาศาสตร์การแพทย์ และสุขภาพ
WA20.5 น595ก ฉ.5 
  Barcode: 27314
ห้องสมุดวิทยาเขตนครสวรรค์
►หนังสือทั่วไป:l:General Books
บนชั้น

รายการใกล้เคียง
    ผู้แต่ง [นิทรา กิจธีระวุฒิวงษ์]

BibComment


ยังไม่เคยถูกคอมเมนท์

คอมเมนท์ทรัพยากรรายการนี้
  คอมเมนท์: การวิจัยทางสาธาร..


 Copyright 2026. Bcnsprnw @Library